000 01381cad a22002295a 4500
001 L156841
008 120718e20120717xxkd f s f000 0 eng d
035 _a(Sirsi) u156841
041 0 _aeng
110 1 _aOffice for National Statistics
_92210
245 0 0 _aHouse price index
_bMay 2012
_h[electronic resource]
260 _aLondon
_bDCLG
_c2012
490 0 _aONS House Price Index
_vMay 2012
520 _aUK house prices increased by 2.3% since May 2011 with no change between April and May 2012. The mix-adjusted average house price was £228 000 in May 2012 (not seasonally adjusted). Annual average house prices increased by 2.6% in England and by 3.5% in Wales but fell by 1% in Scotland and 10.3% in Northern Ireland. Taking forward the recommendations of the National Statistician's review of UK house price statistics in 2010. it has been agreed that the ONS index will be developed as the lead measure for house price movement with other official indices published by bodies such as Land Registry and Registers for Scotland continuing to publish house price data in existing formats.
521 _aAdvanced
590 _aKA NTK
650 2 4 _aONS HOUSE PRICE INDEX
651 4 _aUnited Kingdom
_y
690 _aResidential property
_96266
856 4 0 _uhttps://www.ons.gov.uk/ons/dcp171778_271291.pdf
_zView this item free of charge at www.ons.gov.uk
942 _n0
999 _c114448
_d114448